Nonlinear regression

Αποθηκεύτηκε σε:
Λεπτομέρειες βιβλιογραφικής εγγραφής
Κύριος συγγραφέας: Seber, G. A. F. (George Arthur Frederick) 1938-
Άλλοι συγγραφείς: Wild, Christopher John 1952-
Μορφή: Βιβλίο
Γλώσσα:English
Δημοσίευση: New York : John Wiley & Sons, c1989
Σειρά:Wiley series in probability and mathematical statistics. Probability and mathematical statistics
Θέματα:
Ετικέτες: Προσθήκη ετικέτας
Δεν υπάρχουν, Καταχωρήστε ετικέτα πρώτοι!

MARC

LEADER 00000nam a2200000 i 4500
001 1/8317
008 000627s1989 eng d
020 |a 0-471-61760-1 
035 |l 10062629 
040 |a GR-MY-UA  |b gre  |e aacr 
041 0 |a eng 
082 0 |a 519.536 
100 1 |a Seber, G. A. F.  |q (George Arthur Frederick)  |d 1938- 
245 1 0 |a Nonlinear regression /  |c G.A.F. Seber and C.J. Wild 
260 |a New York :   |b John Wiley & Sons,   |c c1989 
300 |a xx, 768 p.;  |b ill.;  |c 24 cm. 
490 1 |a Wiley series in probability and mathematical statistics. Probability and mathematical statistics 
504 |a Includes indexes and bibliography (p. 711-743) 
650 0 0 |a Regression analysis. 
650 0 0 |a Linear models (Statistics) 
650 0 0 |a Parameter estimation. 
650 0 0 |a Nonlinear theories. 
700 1 |a Wild, Christopher John  |d 1952- 
830 0 |a Wiley series in probability and mathematical statistics. Probability and mathematical statistics 
852 |a INST  |b SAMOS  |e 20000627  |h 519.536 SEB  |p 005300019430  |q 005300019430  |t BK  |y 0 
901 |a BIBL3-2000-2 
909 |a Σ  |b 078721 
922 |a 3ΕΛΗ  |b 200005  |c ΚΠΣ  |d ΠΑΠΑΣΩΤΗΡΙΟΥ 
950 |a 116-1999-12-31 
970 |a ΜΑΛΑΓΑΡΗ  |b ΦΩΤΕΙΝΗ  |z 2000/07/21